000 00606nam a22002537a 4500
003 UA-OsUOA
001 26637
007 ta
008 20040608b un ||||| |||| 00| 0 ukr d
100 _aБарна М.
090 _a58(038)
_bБ24
942 _cBK
040 _aUA-OsUOA
_bukr
_cUA-OsUOA
_dUA-OsUOA
245 _aБотаніка
_bТерміни.Понятті.Персоналії
300 _a272 с.
955 _a0
041 _aukr
080 _a58(038)
020 _a996-580-018-3
260 _aКиїв
_bАкадемія
_c1997
044 _aUA
650 7 _2UDC
999 _c312964
_d312964